01187cam a22003255a 45000010009000000050017000090080041000260100017000670200018000840400033001020820019001352450107001542500018002612600044002793000034003234900042003575000024003995040041004236500041004646500036005056500036005416510010005776530023005876550024006107000032006347000027006669420019006939990017007129520132007291745514420151025154203.0120830r20142013enka frb 001 0 eng d a 2012035502 a9780470711972 aDNLM/DLCbengcDLCdEG-ScBUE04a615.1bDRU22200aDrug delivery strategies for poorly water-soluble drugs /cedited by Dennis Douroumis and Alfred Fahr. aReprinted ed. aChichester :bJohn Wiley & Sons,c2014. axxv, 600 p. :bill. ;c25 cm.0 aAdvances in pharmaceutical technology aIndex : p. 587-600. aIncludes bibliographical references. 0aDrug delivery systems.2BUEsh936090 0aPharmaceutical chemistry2BUEsh 0aDrug carriers (Pharmacy)2BUEsh 2BUEsh bPPhrmcOctober2015 vReading book9342321 aDouroumis, Dennis,eeditor.1 aFahr, Alfred,eeditor. 2ddck615.1 DRU c20976d20948 00102ddc40708BaccahaMAINbMAINc1STd2015-10-25ePurchasel1m7o615.1 DRUp000031123r2025-07-15 00:00:00s2020-11-30yBB